| 000 | 00484nam a2200169 i 4500 | ||
|---|---|---|---|
| 001 | 45047 | ||
| 003 | ES-MaACL | ||
| 005 | 20230906161138.0 | ||
| 007 | t| | ||
| 008 | 030325s1960 sp ||||1| spa d | ||
| 100 | 1 |
_aClavell, José. _939118 |
|
| 245 | 1 | 3 |
_aEl mutilado y sus problemas / _cpor José Clavell y Francisco Borrás. |
| 260 |
_a[Barcelona : _bs.n.], _c1960. |
||
| 300 |
_a232 p. ; _c18 cm. |
||
| 700 | 1 |
_aBorrás, Francisco. _930549 |
|
| 852 |
_aES-MaACL _jC-18706 _bR.46975 |
||
| 999 |
_c45047 _d45047 |
||